000 00243nam a2200097Ia 4500
008 190216s9999||||xx |||||||||||||| ||und||
100 _aRose Mary
245 2 _aA Dictionary Of Philosaphy
260 _b"Progress Publishers, Moscow"
942 _cREF
999 _c35133
_d35133